[Event "LSS No Engine Cup Gr12 prel 01 email"]
[Site "LSS email"]
[Date "2009.12.11"]
[Round "?"]
[White "Korp, Lech"]
[Black "Babos, Istvan"]
[Result "1-0"]
[WhiteElo "800"]
[BlackElo "1023"]
[PlyCount "41"]
[EventDate "2009.12.12"]
[EventType "tourn (corr)"]
[EventRounds "6"]
[EventCountry "GER"]
[SourceTitle "Telechess CBM 137"]
[Source "ChessBase"]
[SourceDate "2010.07.15"]
[SourceVersion "1"]
[SourceVersionDate "2010.07.15"]
[SourceQuality "1"]

1. e4 e5 2. Nf3 d6 3. d4 exd4 4. Nxd4 Bg4 5. Be2 Bxe2 6. Qxe2 Nf6 7. Bg5 Be7 8. Nc3 h6 9. Bh4 0-0 10. 0-0 Nbd7 11. Nf5 c6 12. Rad1 Qc7 13. Nxe7+ Kh8 14. Nf5 d5 15. exd5 cxd5 16. Nxd5 Nxd5 17. Rxd5 Nb6 18. Rd3 Rad8 19. Rxd8 Rxd8 20. Bxd8 Qxd8 21. Qe7 1-0

[Event "LSS No Engine Cup 12 Preliminary 1"]
[Site "LSS email"]
[Date "2009.12.11"]
[Round "?"]
[White "Korp, Lech"]
[Black "Giovani, Massimo"]
[Result "0-1"]
[WhiteElo "800"]
[BlackElo "962"]
[PlyCount "64"]
[EventDate "2009.12.12"]
[EventType "tourn (corr)"]
[EventRounds "6"]
[EventCountry "GER"]
[SourceTitle "Corr 2013"]
[Source "ChessBase"]
[SourceDate "2012.11.12"]
[SourceVersion "1"]
[SourceVersionDate "2012.11.12"]
[SourceQuality "1"]

1. e4 e5 2. Nf3 Nc6 3. d4 exd4 4. Nxd4 Nf6 5. Nc3 Bb4 6. Qd3 0-0 7. Bd2 Nxd4 8. 0-0-0 Nc6 9. a3 Bc5 10. f3 d6 11. Kb1 Be6 12. Bg5 h6 13. Be3 Qe7 14. Nd5 Bxd5 15. Bxc5 Bxe4 16. fxe4 dxc5 17. Be2 Rad8 18. Qc4 Nxe4 19. Bd3 Rd4 20. Qb5 Qd6 21. Be2 Nf2 22. Rxd4 Nxd4 23. Qd3 Nxd3 24. Bxd3 Re8 25. Rd1 Qxh2 26. c3 Nb3 27. Bc2 c4 28. g4 g5 29. Bf5 Re2 30. Rd8+ Kg7 31. Bc2 Rxc2 32. Rd5 Rxb2# 0-1

[Event "LSS No Engine Cup 12 Preliminary 1"]
[Site "LSS email"]
[Date "2009.12.11"]
[Round "?"]
[White "Korp, Lech"]
[Black "Ottenweller, Wolfgang"]
[Result "0-1"]
[WhiteElo "800"]
[BlackElo "1659"]
[PlyCount "94"]
[EventDate "2009.12.12"]
[EventType "tourn (corr)"]
[EventRounds "6"]
[EventCountry "GER"]
[SourceTitle "Corr 2013"]
[Source "ChessBase"]
[SourceDate "2012.11.12"]
[SourceVersion "1"]
[SourceVersionDate "2012.11.12"]
[SourceQuality "1"]

1. e4 c5 2. Bc4 e6 3. Nf3 Nc6 4. c3 d5 5. exd5 exd5 6. Bb3 Qe7+ 7. Qe2 Nf6 8. Qxe7+ Bxe7 9. 0-0 0-0 10. Na3 Bg4 11. Bd1 Rae8 12. h3 Bd7 13. d3 Bd6 14. Bc2 Ne5 15. Nxe5 Bxe5 16. Bd2 b5 17. Rab1 a6 18. Rfe1 d4 19. cxd4 Bxd4 20. Bc3 Bxc3 21. bxc3 Nd5 22. c4 Nc3 23. Rxe8 Rxe8 24. Rb2 b4 25. Nb1 Re1+ 26. Kh2 Kf8 27. Nxc3 bxc3 28. Rb1 Rxb1 29. Bxb1 Ba4 30. d4 cxd4 31. Kg1 c2 32. Bxc2 Bxc2 33. Kf1 Bd3+ 34. Ke1 Bxc4 35. f3 Bxa2 36. Kd2 Bb1 37. Kc1 Bg6 38. Kd2 a5 39. g4 a4 40. f4 a3 41. Kc1 a2 42. Kb2 Bb1 43. h4 d3 44. f5 d2 45. h5 d1Q 46. g5 Qc2+ 47. Ka1 Qc3# 0-1